| 000 | 00656aas a2200193 4500 | ||
|---|---|---|---|
| 999 |
_c63516 _d63516 |
||
| 001 | 768714001 | ||
| 003 | CO-MdFUSB | ||
| 005 | 20171027112852.0 | ||
| 008 | 171027s2010 ck ||||| |||| 00| 0 spa d | ||
| 022 | _a2145-8197 | ||
| 040 |
_aCO-MdFUSB _bspa _cCO-MdFUSB _dCO-MdFUSB |
||
| 041 | _aspa | ||
| 245 | 0 |
_aEstrellan Aviones contra las Torres Gemelas _c/ El Tiempo |
|
| 300 |
_aNúmero 10 (2010), página 30 _c: 28 cm. |
||
| 520 | 1 | _aTambién explotan bombas en España y Londres. Al Qaeda, el responsable. El mundo sufre por el terrorismo. | |
| 650 | 1 | 4 | _aHISTORIA |
| 773 | 0 |
_tdk100 _049432 _959929 _gNúmero 10 (2010), página 30 _qPágina 30 |
|
| 942 | _cANA | ||